[Event "Politiken Cup 36th"]
[Site "Helsingor"]
[Date "2014.07.29"]
[Round "10"]
[White "Paulsson, Anders"]
[Black "Skjoldager, Flemming"]
[Result "1/2-1/2"]
[WhiteElo "1788"]
[BlackElo "1882"]
[PlyCount "152"]
[EventDate "2014.07.21"]
[EventType "swiss"]
[EventRounds "10"]
[EventCountry "DEN"]
[SourceTitle "CBM 161 Extra"]
[Source "ChessBase"]
[SourceDate "2014.08.29"]
[SourceVersion "1"]
[SourceVersionDate "2014.08.29"]
[SourceQuality "1"]

1. e4 c5 2. Nf3 e6 3. d4 cxd4 4. Nxd4 a6 5. g3 Qc7 6. Bg2 Nf6 7. 0-0 Nc6 8. Nb3 b5 9. Be3 d6 10. N1d2 Bb7 11. c4 b4 12. Rc1 Rd8 13. f4 Be7 14. Qe2 h5 15. h3 a5 16. Qf2 Nd7 17. c5 a4 18. cxd6 Qxd6 19. e5 Qd3 20. Be4 Qa6 21. Nd4 Nxd4 22. Bxd4 Bxe4 23. Nxe4 Qd3 24. Qe3 Qxe3+ 25. Bxe3 0-0 26. Rc7 Rfe8 27. Rfc1 f6 28. Rd1 Nxe5 29. Rxd8 Bxd8 30. Rb7 Nc4 31. Bd4 e5 32. fxe5 fxe5 33. Bc5 Nxb2 34. Bxb4 Nc4 35. Bc5 Ba5 36. Ra7 Rb8 37. a3 Rb1+ 38. Kf2 Rb5 39. Ra8+ Kh7 40. Rc8 Nd2 41. Ng5+ Kg6 42. Be3 Rb2 43. Kg1 Rb3 44. Bxd2 Bxd2 45. Ne4 Be3+ 46. Kf1 Rxa3 47. Ke1 Bh6 48. Nc3 Rb3 49. Rc6+ Kf5 50. g4+ hxg4 51. hxg4+ Kxg4 52. Nxa4 Re3+ 53. Kf2 Rf3+ 54. Ke2 Ra3 55. Nc3 Bg5 56. Rc4+ Kf5 57. Nd5 Ra2+ 58. Kf3 Rd2 59. Ne3+ Bxe3 60. Kxe3 Rd6 61. Rc1 Rf6 62. Rf1+ Ke6 63. Rg1 g6 64. Rg5 Kd5 65. Kd3 Re6 66. Ke3 Rd6 67. Rg4 Rf6 68. Rg3 Ke6 69. Rg5 Kd6 70. Rg2 Ke7 71. Rg5 Re6 72. Rg2 Kf7 73. Ke4 Kf6 74. Rf2+ Kg7 75. Rg2 Re8 76. Rg1 Kf6 1/2-1/2

[Event "Politiken Cup 36th"]
[Site "Helsingor"]
[Date "2014.07.25"]
[Round "6"]
[White "Paulsson, Anders"]
[Black "Merkesvik, Amalie Isabel"]
[Result "1-0"]
[WhiteElo "1788"]
[BlackElo "1497"]
[PlyCount "43"]
[EventDate "2014.07.21"]
[EventType "swiss"]
[EventRounds "10"]
[EventCountry "DEN"]
[SourceTitle "CBM 161 Extra"]
[Source "ChessBase"]
[SourceDate "2014.08.29"]
[SourceVersion "1"]
[SourceVersionDate "2014.08.29"]
[SourceQuality "1"]

1. e4 e5 2. Nf3 Nc6 3. Bc4 Bc5 4. b4 Bxb4 5. c3 Bc5 6. d4 exd4 7. 0-0 dxc3 8. Nxc3 h6 9. Bb2 d6 10. Na4 Bg4 11. Bxg7 Rh7 12. Bc3 Qe7 13. Nxc5 dxc5 14. Rb1 Rd8 15. Bd5 Nd4 16. Bxd4 cxd4 17. Rxb7 Rg7 18. Qxd4 f6 19. Qa4+ Kf8 20. Nd4 Bh3 21. g3 Bxf1 22. Ne6+ 1-0

[Event "Politiken Cup 36th"]
[Site "Helsingor"]
[Date "2014.07.24"]
[Round "5"]
[White "Mottonen, Ari"]
[Black "Paulsson, Anders"]
[Result "1-0"]
[WhiteElo "2000"]
[BlackElo "1788"]
[PlyCount "87"]
[EventDate "2014.07.21"]
[EventType "swiss"]
[EventRounds "10"]
[EventCountry "DEN"]
[SourceTitle "CBM 161 Extra"]
[Source "ChessBase"]
[SourceDate "2014.08.29"]
[SourceVersion "1"]
[SourceVersionDate "2014.08.29"]
[SourceQuality "1"]

1. c4 c6 2. Nf3 d5 3. g3 Nf6 4. Bg2 Bf5 5. 0-0 e6 6. b3 Bd6 7. Bb2 Nbd7 8. d3 Qc7 9. Nc3 Bg6 10. Rc1 0-0 11. cxd5 exd5 12. Nb5 Qb8 13. Nxd6 Qxd6 14. Qd2 Rfe8 15. b4 Rad8 16. e3 h6 17. Qc3 a6 18. Rfd1 Qe7 19. Rd2 Rc8 20. a4 Nb6 21. Qb3 Nbd7 22. Rdc2 Ng4 23. Bd4 Nde5 24. Nxe5 Nxe5 25. Rc3 Qd7 26. b5 axb5 27. axb5 Bh5 28. bxc6 bxc6 29. Bxe5 Rxe5 30. Qb6 Bg6 31. Rxc6 Ra8 32. d4 Re4 33. Rd6 Qf5 34. Qc6 Ra2 35. Qc8+ Kh7 36. Qxf5 Bxf5 37. Rxd5 Bg6 38. Bxe4 Bxe4 39. Re5 Bg6 40. g4 f6 41. Re7 h5 42. h3 hxg4 43. hxg4 f5 44. g5 1-0